| 000 | 01146nam a22003377a 4500 | ||
|---|---|---|---|
| 003 | CHAP | ||
| 005 | 20220329135145.0 | ||
| 008 | 971013s1977 r 00010 d | ||
| 010 | _a31856 | ||
| 011 | _a32828 | ||
| 035 | _a36943 | ||
| 040 | _cCHAP | ||
| 090 | _aTesis | ||
| 100 | 0 | 0 |
_aMartínez Garza, Hernán René. _972082 |
| 245 | _aEstudio de pre-inversión de una huerta de aguacate en la región de Sabinos Hidalgo, N.L. | ||
| 260 |
_aMonterrey, N.L. : _bEL autor, _c1977 |
||
| 300 | _a39 h | ||
| 502 | _aTesis (Ing. Agrónomo Fitotecnista) -- Univ. Autómoma de Nuevo León. Fac. de Agronomía | ||
| 590 |
_aALEPH _b10 _c20130110 _lUCH01 _h1254 |
||
| 590 |
_aBATCH-UPD _b10 _c20130109 _lUCH01 _h2353 |
||
| 590 |
_aBATCH-UPD _b10 _c20130110 _lUCH01 _h1832 |
||
| 590 |
_aBATCH-UPD _b10 _c20130409 _lUCH01 _h1926 |
||
| 590 |
_aBATCH-UPD _b10 _c20130410 _lUCH01 _h1204 |
||
| 590 |
_aBATCH-UPD _b10 _c20130913 _lUCH01 _h2254 |
||
| 590 |
_aCONVERSION _b10 _c20130109 _lUCH01 _h1318 |
||
| 650 | 1 | 4 |
_aAguacate. _92490 |
| 650 | 1 | 4 |
_aAguacate _xCostos de producción. _92503 |
| 901 | _aBK | ||
| 942 | _cTESIS | ||
| 949 |
_bBC _cTES _d-84881 _eTS1 _i36943 _si |
||
| 999 |
_c31856 _d31856 |
||